When Elements Revolted Poetry/ (Record no. 190081)

MARC details
000 -LEADER
fixed length control field 00567nam a22001937a 4500
005 - DATE AND TIME OF LATEST TRANSACTION
control field 20220718130311.0
010 ## - LCCN (DPL NO)
LC control number ENG-133644
020 ## - INTERNATIONAL STANDARD BOOK NUMBER
International Standard Book Number 9789391091200
Terms of availability 249.00
035 ## - SYSTEM CONTROL NUMBER
System control number EN-117176
037 ## - SOURCE OF ACQUISITION
Source of stock number/acquisition DBAD/PUB
082 ## - DEWEY DECIMAL CLASSIFICATION NUMBER
Classification number 881
100 ## - MAIN ENTRY--PERSONAL NAME
Personal name Anand,jernail singh
245 ## - TITLE STATEMENT
Title When Elements Revolted Poetry/
Statement of responsibility, etc Jernail S. Anand
260 ## - PUBLICATION, DISTRIBUTION, ETC. (IMPRINT)
Place of publication, distribution, etc Gurugram,
Name of publisher, distributor, etc AThe Poetry Society Of India
Date of publication, distribution, etc 2021
270 ## - ADDRESS
Address H-23/16,DLF Phase-1
City Gurugram
Postal code 122002
300 ## - PHYSICAL DESCRIPTION
Extent xi;91p..
Dimensions 21cm(Pbk)
700 ## - ADDED ENTRY--PERSONAL NAME
Personal name Banerjee, Laksmisree
942 ## - ADDED ENTRY ELEMENTS (KOHA)
Source of classification or shelving scheme Dewey Decimal Classification
Item type English Books
Classification part 881
Call number suffix ANA
Holdings
Withdrawn status Lost status Not for loan Collection code Home library Current library Date acquired Source of acquisition Cost, normal purchase price Full call number Barcode Copy number Cost, replacement price Koha item type
      Non-fiction Ashok Vihar Ashok Vihar 18/07/2022 DBAD/PUB 249.00 881 ANA EN-117176 1 249.00 English Books

© Delhi Public Library
Hit Counter
free hit counter